اردو لوک ادب میں خواتین کا حصّھ (Record no. 20194)

MARC details
000 -LEADER
fixed length control field 01043nam a22002417a 4500
005 - DATE AND TIME OF LATEST TRANSACTION
control field 20081223105637.0
008 - FIXED-LENGTH DATA ELEMENTS--GENERAL INFORMATION
fixed length control field 081223t xxu||||| |||| 00| 0 eng d
010 ## - LCCN (DPL NO)
LC control number B-283763 , UR-7529
020 ## - INTERNATIONAL STANDARD BOOK NUMBER
International Standard Book Number 9788182234024
Terms of availability 250.00
035 ## - SYSTEM CONTROL NUMBER
System control number B-283763
035 ## - SYSTEM CONTROL NUMBER
System control number U-6084
040 ## - CATALOGING SOURCE
Original cataloging agency dpl
Language of cataloging ur
082 ## - DEWEY DECIMAL CLASSIFICATION NUMBER
Classification number 841.08
100 ## - MAIN ENTRY--PERSONAL NAME
Personal name عبدالہّ امتیاز احمد
245 ## - TITLE STATEMENT
Title اردو لوک ادب میں خواتین کا حصّھ
Statement of responsibility, etc عبدالہّ امتیاز احمد
260 ## - PUBLICATION, DISTRIBUTION, ETC. (IMPRINT)
Place of publication, distribution, etc دہلی
Name of publisher, distributor, etc یجو کیشن لپبلیشنک ہاوس
Date of publication, distribution, etc 2008
300 ## - PHYSICAL DESCRIPTION
Extent 214 p.
Dimensions 22 cm.
650 ## - SUBJECT ADDED ENTRY--TOPICAL TERM
Topical term or geographic name as entry element Urdu literature
650 ## - SUBJECT ADDED ENTRY--TOPICAL TERM
Topical term or geographic name as entry element اردو ادب
942 ## - ADDED ENTRY ELEMENTS (KOHA)
Source of classification or shelving scheme Dewey Decimal Classification
Item type Urdu Bks
Classification part 841.08
Call number suffix ع ب د
Holdings
Withdrawn status Lost status Source of classification or shelving scheme Damaged status Not for loan Collection code Home library Current library Date acquired Cost, normal purchase price Total Checkouts Full call number Barcode Date last seen Copy number Cost, replacement price Koha item type Source of acquisition
    Dewey Decimal Classification     Non-fiction Central Library Central Library 23/12/2008 250.00 1 841.08 عبد B-283763 25/05/2017 1 250.00 Urdu Bks  
    Dewey Decimal Classification   Not For Loan Fiction D.B.Act.Division D.B.Act.Division 31/08/2009 250.00   841.08 عبد U-6084 31/08/2009 1 250.00 Urdu Bks DBAD / PUB

© Delhi Public Library
Hit Counter
free hit counter